|
|
|
|
| LEADER |
00000nab a2200000 a 4500 |
| 001 |
vtls000803234 |
| 003 |
SK-MaSNL |
| 005 |
20260304025319.0 |
| 008 |
180206c xo 0 slo |
| 015 |
|
|
|a SNBRB2002/08-25359
|
| 035 |
|
|
|a CLN000154889
|
| 040 |
|
|
|a SNKBUCL
|b slo
|c SNKBUCL
|e AACR2
|
| 041 |
0 |
|
|a slo
|
| 044 |
|
|
|a xo
|c SK
|
| 080 |
|
|
|a 323.113(=854)(100):061.25(437.6)
|2 UDC-MRF-SK2
|
| 080 |
|
|
|a 061.25(437.6)
|2 UDC-MRF-SK2
|
| 080 |
|
|
|a 061.61(437.6)
|2 UDC-MRF-SK2
|
| 100 |
1 |
|
|a Bajaník, Stanislav,
|d 1951-2024
|4 aut
|9 104075
|
| 245 |
1 |
0 |
|a Ako odzváňa aj slovenskému zahraničiu
|c Stanislav Bajaník
|
| 610 |
2 |
7 |
|a Matica slovenská
|2 snkbucl
|9 14662
|
| 650 |
0 |
7 |
|a Slováci v zahraničí
|x Matica slovenská
|x podpora štátna
|2 snkbucl
|9 1306919
|
| 655 |
|
7 |
|a články z novín a časopisov
|2 snkbucl
|9 267496
|
| 773 |
0 |
|
|x 0862-8823
|t Slovenské národné noviny
|g Roč. 13 (17), č. 14 (2002), s. 4
|
| 850 |
|
|
|a Slovenská národná knižnica v Martine
|
| 852 |
|
|
|a SNK
|b KIS3GCP
|
| 958 |
|
|
|a RBX
|
| 999 |
|
|
|c 2626558
|d 2628488
|